The Language of Love (Record no. 48953)
| 000 -LEADER | |
|---|---|
| fixed length control field | 00376nam a22001217a 4500 |
| 008 - FIXED-LENGTH DATA ELEMENTS--GENERAL INFORMATION | |
| fixed length control field | 250603b |||||||| |||| 00| 0 eng d |
| 020 ## - INTERNATIONAL STANDARD BOOK NUMBER | |
| International Standard Book Number | 9781561790203 |
| 100 ## - MAIN ENTRY--PERSONAL NAME | |
| Personal name | Gary Smalley (Author), John Trent (Author) |
| 9 (RLIN) | 86339 |
| 245 ## - TITLE STATEMENT | |
| Title | The Language of Love |
| 260 ## - PUBLICATION, DISTRIBUTION, ETC. (IMPRINT) | |
| Place of publication, distribution, etc | United States Of America |
| Name of publisher, distributor, etc | Living Books |
| Date of publication, distribution, etc | 1999 |
| 300 ## - PHYSICAL DESCRIPTION | |
| Extent | 240 p |
| Other physical details | col. ill. |
| Dimensions | 6 x 0.75 x 9 inches |
| 942 ## - ADDED ENTRY ELEMENTS (KOHA) | |
| Source of classification or shelving scheme | |
| Withdrawn status | Lost status | Source of classification or shelving scheme | Damaged status | Not for loan | Collection code | Home library | Current library | Date acquired | Total Checkouts | Full call number | Barcode | Date last seen | Price effective from | Koha item type |
|---|---|---|---|---|---|---|---|---|---|---|---|---|---|---|
| Non-Fiction | Asian Hope Siem Reap | Asian Hope Siem Reap | 06/03/2025 | NFIC GAR | 208239 | 06/03/2025 | 06/03/2025 | Book |